000 00663nam a2200241Ia 4500
003 OSt
005 20220918110403.0
006 a|||||r|||| 00| 0
007 ta
008 220915b |||||||| |||| 00| 0 eng d
024 _a115447
037 _cReference Collections
040 _aARTS
_cARTS
_beng
041 _2eng
_aeng
082 _aV41y7M93, L6(RR)
100 _aFitzgerald C P
_97488
245 0 _aMao Tse-tung and China
260 _aNew York
_bHolmes and Meier
_c1976
300 _avi,166p. illus maps
650 _aHISTORY
942 _hV41y7M93, L6(RR)
_cREF
999 _c112516
_d112516